header

The orphan gunner (Record no. 112622)

MARC details
000 -LEADER
fixed length control field 01013nam a2200277Ia 4500
100 1# - MAIN ENTRY--AUTHOR NAME
Personal name Knox, Sara.
245 14 - TITLE STATEMENT
Title The orphan gunner
260 ## - PUBLICATION, DISTRIBUTION, ETC. (IMPRINT)
Place of publication Artarmon, N.S.W. :
Name of publisher Giramondo Publishing,
Year of publication 2007.
300 ## - PHYSICAL DESCRIPTION
Number of Pages 374 p.
650 #0 - SUBJECT ADDED ENTRY--TOPICAL TERM
Topical Term Australian fiction.
Topical Term Australian literature.
856 40 - ELECTRONIC LOCATION AND ACCESS
Uniform Resource Identifier http://site.ebrary.com/lib/rucke/Doc?id=10594329

No items available.

© 2026 Rongo University
Contact us: librarian | system librarian | Rongo university